000 00998nmm a2200337 a 4500
003 AR-BaBNM
005 20251128204553.0
008 011101s1994 ||||||||||||||000 | spa||
020 _a950-701-252-4
040 _cAR-BaBNM
100 1 _aRodríguez de Fraga, Abel
245 1 0 _aEducación tecnológica [se ofrece]. Espacio en el aula [se busca]
250 _a1ª ed.
260 _aBuenos Aires
_bAique
_bORT Argentina
_c1994
300 _a223 p.
_bil.
504 _aBibliografía: p. 219-223
650 4 _aPROGRESO TECNOLOGICO
650 4 _aMATERIAL Y EQUIPO DIDACTICOS
650 4 _aROL DEL DOCENTE
650 4 _aPROCESO DE APRENDIZAJE
650 4 _aACTIVIDADES DE APRENDIZAJE
650 4 _aENSENANZA DE LA CIENCIA
650 4 _aRENDIMIENTO DEL ALUMNO
650 4 _aCIENCIA Y TECNOLOGIA
653 _aINNOVACIONES EDUCATIVAS
653 _aPROBLEMAS EDUCATIVOS
653 _aENSENANZA DE LA TECNOLOGIA
653 _aEDUCACION TECNOLOGICA
942 _cBK
998 _cSILVI
999 _c7959
_d7959